Largest Retail Companies in the US - Statistics

General Stats
  • This quiz has been taken 93 times
  • The average score is 12 of 21
Answer Stats
Hint Answer % Correct
hypermart Wal-Mart
98%
online Amazon
85%
home improvement Home Depot
83%
department Target
81%
pharmacy Walgreens
78%
wholesale (club) Costco
73%
pharmacy CVS
73%
clothing Macy's
72%
home improvement Lowe's
70%
electronics Best Buy
69%
grocery Kroger
51%
department Sears
50%
pharmacy Rite Aid
42%
clothing Kohl's
41%
clothing The Gap
35%
clothing TJX
33%
grocery Publix
30%
grocery Safeway
29%
electronics Apple
28%
discount Dollar General
23%
grocery H E Butt Grocery
14%
No matching quizzes found
Score Distribution
Percent of People with Each Score
Percentile by Number Answered
Your Score History
You have not taken this quiz